000 00878nam a22002777a 4500
001 5777
003 FISKH
005 20250429082007.0
008 250121b cb ||||| |||| 00| 0 eng d
020 _a9780545493413
040 _aFISKH
_beng
_cFISKH
_dFISKH
050 _aQB631.4
082 _a550
100 _aGoldsmith, Mike
245 _aEarth :
_bThe life of our planet /
_cBy Dr. Mike Goldsmith : Illustrated by Dr. Mark A. Garlick
260 _aNew York :
_bScholastic ,
_c2011.
300 _a47 pages :
_bcolor illustrations ;
_c28 cm .
505 _aZ
520 _aText, photographs, and illustrations offer a visual narrative of the geographical history of Earth.
521 8 _a1140
_bLexile
521 8 _aZ
_bRaz-Plus
650 _aplanets
_vnon-fiction
700 _aGarlick, Mark A.
_eillustrator
942 _2ddc
_cBK
_n0
999 _c5777
_d5777